Adhunikta bodh aur Usha Priyamvada/ (Record no. 153978)

000 -LEADER
fixed length control field 00282nam a22001217a 4500
082 ## - DEWEY DECIMAL CLASSIFICATION NUMBER
Classification number
Item number
100 ## - MAIN ENTRY--PERSONAL NAME
Personal name Sandeep Ranbhirker
245 ## - TITLE STATEMENT
Title Adhunikta bodh aur Usha Priyamvada/
Statement of responsibility, etc. by Sandeep Ranbhirker.
260 ## - PUBLICATION, DISTRIBUTION, ETC.
Place of publication, distribution, etc.
Name of publisher, distributor, etc. Abhaya,
Date of publication, distribution, etc. 2013.
300 ## - PHYSICAL DESCRIPTION
Extent 272p.
650 ## - SUBJECT ADDED ENTRY--TOPICAL TERM
Topical term or geographic name entry element
942 ## - ADDED ENTRY ELEMENTS (KOHA)
Koha item type Book
Holdings
Withdrawn status Lost status Damaged status Not for loan Permanent Location Current Location Shelving location Date acquired Cost, normal purchase price Total Checkouts Barcode Date last seen Price effective from Koha item type
        RC Thiruvananthapuram RC Thiruvananthapuram   14.07.2018 550.00   TV007515 14.07.2018 14.07.2018 Book